Music Quiz

Random Music or Song Quiz

Don't Forget The Lyrics-Minefield Quiz Stats

 Plays Quiz not verified by Sporcle

Also try: 'Get' Song Titles
Challenge
Share
Tweet
Embed
Score 0/32 Timer 07:00
0 Plays Today
Hint Answer % Correct
Twinkle???
100%
???
65.9%
???
64.7%
???
64.7%
???
64.7%
???
64.7%
???
64.7%
???
64.2%
???
64.2%
???
64.2%
???
63%
???
62.4%
???
62.4%
???
61.3%
???
60.1%
???
60.1%
Hint Answer % Correct
???
60.1%
???
60.1%
???
60.1%
???
60.1%
???
60.1%
???
60.1%
???
60.1%
???
60.1%
???
60.1%
???
59.5%
???
59.5%
???
59.5%
???
59.5%
???
59.5%
???
59.5%
???
59.5%

You're not logged in!

Compare scores with friends on all Sporcle quizzes.
Join for Free
OR
Log In

You Might Also Like...

Show Comments

Extras

Created Jun 20, 2012ReportNominate
Tags:Song Quiz, forget, order

Top Quizzes Today


Score Distribution

Your Account Isn't Verified!

In order to create a playlist on Sporcle, you need to verify the email address you used during registration. Go to your Sporcle Settings to finish the process.

Report this User

Report this user for behavior that violates our Community Guidelines.

Details: